000 00879nam a22002297a 4500
003 NALT
005 20251125233004.0
008 s2547 th tha d
020 _a9749185706
040 _aNALT
041 _atha
050 _aD 24
_bก536ย 2547
100 0 _aกาศิก
_958560
245 1 0 _aย้อนอดีต...เหตุการณ์สำคัญของโลก เดือนพฤษภาคม /
_cกาศิก.
260 _aกรุงเทพฯ :
_bเปลือกไม้,
_c2547
300 _a190 หน้า :
_bภาพประกอบ ;
_c21 ซม.
650 0 4 _aเหตุการณ์ของโลก
850 _aNALT
856 4 0 _uhttps://hdl.handle.net/20.500.14156/333893
942 _cGB
_2lcc
999 _c47975
_d47975
998 _j109
_k นางสาวอารีรัตน์ วิชาช่าง